000 00754nam a2200241 4500
003 OSt
005 20240725082354.0
006 a
008 240725b |||||||| |||| 00| 0 eng d
020 _a1403933936
040 _aDWCL-Main lib.
_cOC
082 _aCirc. 618.9200231 C536 2007
245 _aChildren’s and young people’s nursing in practice: a problem-based learning approach /
260 _aN. Y. :
_bPalgrave MacMillan,
_cc2007.
300 _ax,
_b434 p. : ill. ;
_c25 cm.
504 _aIncludes bibliographical references & index.
650 _a1. Pediatric nursing.
650 _a2. Nursing care plans.
700 _aValerie Coleman
700 _aLynda Smith
700 _aMaureen Bradshaw
942 _2ddc
_n0
_cBK-CIRC
_kCirc.
999 _c2753
_d2753